| 000 | 00640nam a2200229 a 4500 | ||
|---|---|---|---|
| 001 | 57214 | ||
| 003 | BD-RjUL | ||
| 005 | 20211209080500.0 | ||
| 008 | 161207s1967 enk b 001 0 eng | ||
| 035 | _a(BD-RjUL)57338 | ||
| 040 |
_aDLC _cOTU _dOCoLC _dBD-RjUL _beng |
||
| 041 | _aeng | ||
| 082 |
_a301 _223 _bZNS 1967 |
||
| 100 | 1 |
_aZnaniecki, Florian, _d1882-1958. _9169921 |
|
| 245 | 1 | 0 |
_aSocial actions, / _cby Florian Znaniecki ... |
| 260 |
_aNew York : _bFarrar & Rinehart, inc., _c1936-1967 |
||
| 300 |
_axix, 746 p. ; _c24 cm. |
||
| 500 | _aInclude index | ||
| 650 | 0 |
_aSociology. _9169922 |
|
| 942 |
_2ddc _cBK |
||
| 999 |
_c57214 _d57214 |
||